000 00241nam a2200097Ia 4500
008 190216s9999||||xx |||||||||||||| ||und||
100 _aSanthi S Guptha
245 0 _aDraft Plan Of The Indian Education
260 _bAcharan Prakasan
942 _cBK
999 _c9497
_d9497